Premier League Players By Letter - F - Statistics

General Stats
  • This quiz has been taken 359 times
    348 since last reset
  • The average score is 12 of 20
Answer Stats
First Name Surname Club % Correct
Cesc Fabregas Chelsea
97%
Radamel Falcao Chelsea
89%
Lukasz Fabianski Swansea City
83%
Roberto Firmino Liverpool
82%
Marouane Fellaini Manchester United
79%
Fraser Forster Southampton
75%
Ben Foster West Bromwich
74%
Mathieu Flamini Arsenal
70%
Darren Fletcher West Bromwich
70%
Steven Fletcher Sunderland
70%
- Fernandinho Manchester City
69%
- Fernando Manchester City
61%
Christian Fuchs Leicester City
59%
Jose Fonte Southampton
55%
Jon Flanagan Liverpool
53%
Federico Fernandez Swansea City
46%
Federico Fazio Tottenham Hotspur
42%
Ramiro Funes Mori Everton
26%
Adam Federici Bournemouth
20%
Ezequiel Fryers Crystal Palace
9%
No matching quizzes found
Score Distribution
Percent of People with Each Score
Percentile by Number Answered
Your Score History
You have not taken this quiz since the last reset